00300nam a22000977a 4500020001500000082001500015100001600030245008800046260003400134300003400168 a0321262514 222a005.74 aClark, Tom. aStorage visualization :btechnologies for simplifying data storage and management / aUSA,bAddison Nesley,cc2005. axvii, 234p. ;bill. ;c23 cm.